<?xml version="1.0" encoding="UTF-8"?>
<collection xmlns="http://www.loc.gov/MARC21/slim">
 <record>
  <leader>01360pam a22002778a 4500</leader>
  <controlfield tag="001">00043846</controlfield>
  <controlfield tag="005">20190320110317.0</controlfield>
  <controlfield tag="008">110531s2000                  ||||||Viesd</controlfield>
  <datafield tag="020" ind1="#" ind2="#">
   <subfield code="c">13500</subfield>
  </datafield>
  <datafield tag="041" ind1="0" ind2="#">
   <subfield code="a">Vie</subfield>
  </datafield>
  <datafield tag="082" ind1="1" ind2="4">
   <subfield code="a">373.18</subfield>
   <subfield code="b">T450CH</subfield>
  </datafield>
  <datafield tag="100" ind1="0" ind2="#">
   <subfield code="a">Phùng, Đình Mẫn</subfield>
   <subfield code="e">Chủ biên</subfield>
  </datafield>
  <datafield tag="245" ind1="0" ind2="0">
   <subfield code="a">Tổ chức hoạt động giáo dục ngoài giờ lên lớp ở trường trung học phổ thông</subfield>
   <subfield code="b">giáo trình bồi dưỡng thường xuyên giáo viên THPT chu kì III</subfield>
   <subfield code="c">Phùng Đình Mẫn; Trần Văn Hiếu; Thiêu Thị Hường</subfield>
  </datafield>
  <datafield tag="260" ind1="#" ind2="#">
   <subfield code="a">Hà Nội</subfield>
   <subfield code="b">Giáo dục</subfield>
   <subfield code="c">2005</subfield>
  </datafield>
  <datafield tag="300" ind1="#" ind2="#">
   <subfield code="a">147 tr.</subfield>
   <subfield code="c">27 cm.</subfield>
  </datafield>
  <datafield tag="500" ind1="#" ind2="#">
   <subfield code="a">ĐTTS ghi : Đại học Huế. Trường Đại học sư phạm</subfield>
  </datafield>
  <datafield tag="653" ind1="#" ind2="#">
   <subfield code="a">Giáo dục</subfield>
  </datafield>
  <datafield tag="653" ind1="#" ind2="#">
   <subfield code="a">THPT</subfield>
  </datafield>
  <datafield tag="653" ind1="#" ind2="#">
   <subfield code="a">Ngoại khóa</subfield>
  </datafield>
  <datafield tag="653" ind1="#" ind2="#">
   <subfield code="a">Ngoài giờ lên lớp</subfield>
  </datafield>
  <datafield tag="653" ind1="#" ind2="#">
   <subfield code="a">Hoạt động</subfield>
  </datafield>
  <datafield tag="700" ind1="1" ind2="#">
   <subfield code="a">Thiêu, Thị Hường</subfield>
  </datafield>
  <datafield tag="700" ind1="0" ind2="#">
   <subfield code="a">Trần, Văn Hiếu</subfield>
  </datafield>
  <datafield tag="852" ind1="#" ind2="#">
   <subfield code="j">KD.0025415</subfield>
   <subfield code="j">KM.0028272</subfield>
   <subfield code="j">KM.0028273</subfield>
   <subfield code="j">KM.0028274</subfield>
   <subfield code="j">KM.0028275</subfield>
   <subfield code="j">KM.0028276</subfield>
   <subfield code="j">KM.0028277</subfield>
   <subfield code="j">KM.0028278</subfield>
   <subfield code="j">KM.0028279</subfield>
   <subfield code="j">KM.0028280</subfield>
   <subfield code="j">KM.0028281</subfield>
   <subfield code="j">KM.0028282</subfield>
   <subfield code="j">KM.0028283</subfield>
   <subfield code="j">KM.0028284</subfield>
   <subfield code="j">KM.0028285</subfield>
   <subfield code="j">KM.0028286</subfield>
   <subfield code="j">KM.0028287</subfield>
   <subfield code="j">KM.0028288</subfield>
   <subfield code="j">KM.0028289</subfield>
   <subfield code="j">KM.0028290</subfield>
  </datafield>
  <datafield tag="910" ind1="0" ind2="#">
   <subfield code="d">20/3/2019</subfield>
  </datafield>
  <datafield tag="980" ind1="#" ind2="#">
   <subfield code="a">Trung tâm Học liệu Lê Vũ Hùng, Trường Đại học Đồng Tháp</subfield>
  </datafield>
 </record>
</collection>
